[Event "Winnipeg Rosenbloom Memorial"]
[Site "Winnipeg"]
[Date "2016.12.20"]
[Round "7"]
[White "Valentino, Marcos"]
[Black "Bince, Rolando"]
[Result "0-1"]
[WhiteElo "2224"]
[BlackElo "1976"]
[PlyCount "69"]
[EventDate "2016.11.01"]
[EventType "swiss"]
[EventRounds "7"]
[EventCountry "CAN"]
[SourceTitle "EXT 2022"]
[Source "ChessBase"]
[SourceDate "2021.10.06"]
[SourceVersion "1"]
[SourceVersionDate "2021.10.06"]
[SourceQuality "1"]

1. d4 Nf6 2. Nf3 d5 3. c4 e6 4. Nc3 Be7 5. Bg5 Nbd7 6. e3 h6 7. Bh4 0-0 8. Bd3 c5 9. 0-0 b6 10. cxd5 exd5 11. Rc1 Bb7 12. Nd2 Ne4 13. Bxe7 Qxe7 14. Ne2 Rac8 15. Nxe4 dxe4 16. Bc4 Nf6 17. Qa4 a6 18. Qa3 b5 19. Bb3 Nd7 20. Rc2 Qg5 21. dxc5 Rxc5 22. Rd1 Rxc2 23. Bxc2 Ne5 24. Kf1 Nc4 25. Qc3 Rd8 26. Rd4 Rc8 27. Qb3 Qe5 28. Qc3 Nxe3+ 29. Qxe3 Rxc2 30. Qb3 Rc1+ 31. Nxc1 Qxd4 32. Ke2 Bd5 33. Qc2 Bc4+ 34. Ke1 g6 35. Qd2 0-1

[Event "Winnipeg Rosenbloom Memorial"]
[Site "Winnipeg"]
[Date "2016.11.01"]
[Round "1"]
[White "Valentino, Marcos"]
[Black "Wolchock, Theo"]
[Result "1/2-1/2"]
[WhiteElo "2224"]
[BlackElo "2001"]
[PlyCount "53"]
[EventDate "2016.11.01"]
[EventType "swiss"]
[EventRounds "7"]
[EventCountry "CAN"]
[SourceTitle "EXT 2022"]
[Source "ChessBase"]
[SourceDate "2021.10.06"]
[SourceVersion "1"]
[SourceVersionDate "2021.10.06"]
[SourceQuality "1"]

1. d4 Nf6 2. Nf3 d5 3. g3 c6 4. Bg2 g6 5. 0-0 Bg7 6. Nbd2 0-0 7. Re1 Nbd7 8. c4 a6 9. cxd5 cxd5 10. b3 b5 11. Bb2 Bb7 12. Rc1 Rc8 13. Ne5 Nxe5 14. dxe5 Nd7 15. Nf3 e6 16. Ba3 Re8 17. Bd6 Qa5 18. a3 Rxc1 19. Qxc1 Rc8 20. Qg5 h6 21. Qe7 Qd8 22. Qxd8+ Rxd8 23. Rc1 Rc8 24. Rxc8+ Bxc8 25. e3 Bf8 26. Bxf8 Kxf8 27. Kf1 1/2-1/2

[Event "Winnipeg TNT October op"]
[Site "Winnipeg"]
[Date "2016.10.04"]
[Round "1"]
[White "Valentino, Marcos"]
[Black "Letain, Cory"]
[Result "1-0"]
[WhiteElo "2224"]
[BlackElo "1740"]
[PlyCount "51"]
[EventDate "2016.10.04"]
[EventType "swiss"]
[EventRounds "4"]
[EventCountry "CAN"]
[SourceTitle "EXT 2022"]
[Source "ChessBase"]
[SourceDate "2021.10.06"]
[SourceVersion "1"]
[SourceVersionDate "2021.10.06"]
[SourceQuality "1"]

1. d4 Nf6 2. Nf3 g6 3. g3 Bg7 4. Bg2 0-0 5. 0-0 d6 6. Nbd2 Nbd7 7. c4 e5 8. dxe5 dxe5 9. Qc2 Re8 10. Nb3 c5 11. Rd1 Qc7 12. h3 h6 13. Bd2 Rb8 14. Bc3 e4 15. Ne1 e3 16. f4 b6 17. Nf3 Ne4 18. Bxg7 Kxg7 19. Kh2 Bb7 20. Rd3 g5 21. Rad1 Ndf6 22. Ne5 Nxg3 23. Rd7 Nxd7 24. Rxd7 Qxd7 25. Nxd7 Rbd8 26. Qc3+ 1-0

[Event "Winnipeg op"]
[Site "Winnipeg"]
[Date "2015.06.16"]
[Round "3"]
[White "Valentino, Marcos"]
[Black "Wiebe, Isaac"]
[Result "1-0"]
[WhiteElo "2194"]
[BlackElo "2037"]
[PlyCount "73"]
[EventDate "2015.06.02"]
[EventType "swiss"]
[EventRounds "9"]
[EventCountry "CAN"]
[SourceTitle "EXT 2019"]
[Source "ChessBase"]
[SourceDate "2018.10.10"]
[SourceVersion "1"]
[SourceVersionDate "2018.10.10"]
[SourceQuality "1"]

1. d4 Nf6 2. c4 g6 3. Nc3 Bg7 4. e4 d6 5. f3 Nbd7 6. Be3 0-0 7. Qd2 c5 8. Nge2 a6 9. Rd1 cxd4 10. Nxd4 Ne5 11. Be2 Qc7 12. b3 Bd7 13. 0-0 Rfc8 14. Rc1 Bc6 15. Kh1 Bd7 16. Bg5 Bc6 17. Rfd1 Qd8 18. Re1 Qf8 19. Nd5 Bxd5 20. exd5 h6 21. Bf4 Ned7 22. Bf1 Nh5 23. Be3 Ne5 24. g4 Nf6 25. h3 Kh7 26. Bg2 Qd8 27. Re2 Rc7 28. Rce1 Rac8 29. Bf4 Nfd7 30. Bg3 g5 31. f4 gxf4 32. Bxf4 b5 33. cxb5 axb5 34. Nxb5 Rc5 35. Nd4 Ng6 36. Nc6 Qf8 37. Rc1 1-0

[Event "Winnipeg March TNT"]
[Site "Winnipeg"]
[Date "2015.03.03"]
[Round "1.5"]
[White "Arakelian, Henadzi"]
[Black "Valentino, Marcos"]
[Result "1-0"]
[WhiteElo "1632"]
[BlackElo "2187"]
[PlyCount "67"]
[EventDate "2015.03.03"]
[EventType "swiss"]
[EventRounds "5"]
[EventCountry "CAN"]
[SourceTitle "EXT 2019"]
[Source "ChessBase"]
[SourceDate "2018.10.10"]
[SourceVersion "1"]
[SourceVersionDate "2018.10.10"]
[SourceQuality "1"]

1. e4 c6 2. d4 d5 3. e5 c5 4. Nf3 cxd4 5. Nxd4 a6 6. Bd3 e6 7. 0-0 Bc5 8. Be3 Nd7 9. Nc3 Ne7 10. Qh5 Bxd4 11. Bxd4 Nc6 12. Ne2 g6 13. Qh6 Nxd4 14. Nxd4 Qe7 15. Rfe1 Qf8 16. Qf4 Nc5 17. Rac1 Qg7 18. b4 Nxd3 19. cxd3 Bd7 20. Rc7 Bc8 21. h4 0-0 22. h5 g5 23. Qg4 h6 24. Re3 Kh8 25. Rf3 Qxe5 26. Rfxf7 Rxf7 27. Rxf7 Qe1+ 28. Kh2 Qxb4 29. Qf3 Qxd4 30. Rf8+ Kh7 31. Qf7+ Qg7 32. Qe8 Qc7+ 33. g3 Qg7 34. Rh8+ 1-0

[Event "Winnipeg TNT January op"]
[Site "Winnipeg"]
[Date "2013.01.29"]
[Round "4"]
[White "Valentino, Marcos"]
[Black "Melamedoff, Gustavo"]
[Result "1-0"]
[WhiteElo "2260"]
[BlackElo "2060"]
[PlyCount "72"]
[EventDate "2013.01.08"]
[EventType "swiss"]
[EventRounds "4"]
[EventCountry "CAN"]
[SourceTitle "EXT 2022"]
[Source "ChessBase"]
[SourceDate "2021.10.06"]
[SourceVersion "1"]
[SourceVersionDate "2021.10.06"]
[SourceQuality "1"]

1. d4 Nf6 2. c4 e6 3. Nf3 c5 4. g3 cxd4 5. Nxd4 Bb4+ 6. Bd2 Bc5 7. Bc3 Ne4 8. Bg2 Nxc3 9. bxc3 0-0 10. 0-0 Nc6 11. Nb3 Be7 12. N1d2 b6 13. a4 a5 14. Nd4 Ba6 15. Nxc6 dxc6 16. Bxc6 Rc8 17. Bb5 Bb7 18. Qc2 Rc5 19. Rad1 Qa8 20. f3 Bg5 21. Nb3 Be3+ 22. Kg2 Rh5 23. Rd3 Be4 24. fxe4 Qxe4+ 25. Rf3 Qg4 26. Rdxe3 Qh3+ 27. Kf2 Qxh2+ 28. Ke1 Qg1+ 29. Kd2 Rh1 30. Kd3 Rd8+ 31. Nd4 Qa1 32. Ke4 f5+ 33. Kf4 g5+ 34. Kxg5 Rc1 35. Nb3 Qa3 36. Qxc1 h6+ 1-0